| 000 | 00375nam a2200169Ia 4500 | ||
|---|---|---|---|
| 100 | _aSengupta/R | ||
| 650 | _aSoldering | ||
| 942 | _cBK | ||
| 366 | _f20 | ||
| 654 | _asoldering | ||
| 245 | _aPrinciples of reliable soldering techniques | ||
| 260 |
_bNew Age Interational Ltd. _c1997 |
||
| 082 |
_a671.5 _bSEN |
||
| 300 | _a105 | ||
| 546 |
_aENGLISH _cTTL |
||
| 999 |
_c19833 _d19833 |
||